<?xml version="1.0" encoding="UTF-8"?><?xml-stylesheet type="text/xsl" href="static/style.xsl"?><OAI-PMH xmlns="http://www.openarchives.org/OAI/2.0/" xmlns:xsi="http://www.w3.org/2001/XMLSchema-instance" xsi:schemaLocation="http://www.openarchives.org/OAI/2.0/ http://www.openarchives.org/OAI/2.0/OAI-PMH.xsd"><responseDate>2026-04-17T07:29:56Z</responseDate><request verb="GetRecord" identifier="oai:riubu.ubu.es:10259/11128" metadataPrefix="marc">https://riubu.ubu.es/oai/request</request><GetRecord><record><header><identifier>oai:riubu.ubu.es:10259/11128</identifier><datestamp>2025-12-13T01:05:26Z</datestamp><setSpec>com_10259_6168</setSpec><setSpec>com_10259_5086</setSpec><setSpec>com_10259_2604</setSpec><setSpec>col_10259_6169</setSpec></header><metadata><record xmlns="http://www.loc.gov/MARC21/slim" xmlns:doc="http://www.lyncode.com/xoai" xmlns:xsi="http://www.w3.org/2001/XMLSchema-instance" xmlns:dcterms="http://purl.org/dc/terms/" xsi:schemaLocation="http://www.loc.gov/MARC21/slim http://www.loc.gov/standards/marcxml/schema/MARC21slim.xsd">
<leader>00925njm 22002777a 4500</leader>
<datafield tag="042" ind1=" " ind2=" ">
<subfield code="a">dc</subfield>
</datafield>
<datafield tag="720" ind1=" " ind2=" ">
<subfield code="a">Campillo Cora, Claudia</subfield>
<subfield code="e">author</subfield>
</datafield>
<datafield tag="720" ind1=" " ind2=" ">
<subfield code="a">Soto Gómez, Diego</subfield>
<subfield code="e">author</subfield>
</datafield>
<datafield tag="720" ind1=" " ind2=" ">
<subfield code="a">Arias Estévez, Manuel</subfield>
<subfield code="e">author</subfield>
</datafield>
<datafield tag="720" ind1=" " ind2=" ">
<subfield code="a">Bååth, Erland</subfield>
<subfield code="e">author</subfield>
</datafield>
<datafield tag="720" ind1=" " ind2=" ">
<subfield code="a">Fernández Calviño, David</subfield>
<subfield code="e">author</subfield>
</datafield>
<datafield tag="260" ind1=" " ind2=" ">
<subfield code="c">2021-11</subfield>
</datafield>
<datafield tag="520" ind1=" " ind2=" ">
<subfield code="a">The PICT method (pollution-induced community tolerance) can be used to assess whether changes in soil microbial response are due to heavy metal toxicity or not. Microbial community tolerance baseline levels can, however, also change due to variations in soil physicochemical properties. Thirty soil samples (0–20 cm), with geochemical baseline concentrations (GBCs) of heavy metals and from five different parent materials (granite, limestone, schist, amphibolite, and serpentine), were used to estimate baseline levels of bacterial community tolerance to Cr, Ni, Pb, and Zn using the leucine incorporation method. General equations (n = 30) were determined by multiple linear regression using general soil properties and parent material as binary variables, explaining 38% of the variance in log IC50 (concentration that inhibits 50% of bacterial growth) values for Zn, with 36% for Pb, 44% for Cr, and 68% for Ni. The use of individual equations for each parent material increased the explained variance for all heavy metals, but the presence of a low number of samples (n = 6) lead to low robustness. Generally, clay content and dissolved organic C (DOC) were the main variables explaining bacterial community tolerance for the tested heavy metals. Our results suggest that these equations may permit applying the PICT method with Zn and Pb when there are no reference soils, while more data are needed before using this concept for Ni and Cr.</subfield>
</datafield>
<datafield tag="024" ind2=" " ind1="8">
<subfield code="a">0178-2762</subfield>
</datafield>
<datafield tag="024" ind2=" " ind1="8">
<subfield code="a">https://hdl.handle.net/10259/11128</subfield>
</datafield>
<datafield tag="024" ind2=" " ind1="8">
<subfield code="a">10.1007/s00374-021-01604-x</subfield>
</datafield>
<datafield tag="024" ind2=" " ind1="8">
<subfield code="a">1432-0789</subfield>
</datafield>
<datafield ind1=" " ind2=" " tag="653">
<subfield code="a">Bacterial growth</subfield>
</datafield>
<datafield ind1=" " ind2=" " tag="653">
<subfield code="a">Leucine incorporation</subfield>
</datafield>
<datafield ind1=" " ind2=" " tag="653">
<subfield code="a">Heavy metals</subfield>
</datafield>
<datafield ind1=" " ind2=" " tag="653">
<subfield code="a">Geochemical baseline level</subfield>
</datafield>
<datafield ind1=" " ind2=" " tag="653">
<subfield code="a">Co-tolerance</subfield>
</datafield>
<datafield tag="245" ind1="0" ind2="0">
<subfield code="a">Estimation of baseline levels of bacterial community tolerance to Cr, Ni, Pb, and Zn in unpolluted soils, a background for PICT (pollution-induced community tolerance) determination</subfield>
</datafield>
</record></metadata></record></GetRecord></OAI-PMH>